Strategic business management

محفوظ في:
التفاصيل البيبلوغرافية
المؤلف الرئيسي: Rao, V.
التنسيق: كتاب
منشور في: Durban: Excel Learning Pty. Ltd, c2011
الموضوعات:
الوسوم: إضافة وسم
لا توجد وسوم, كن أول من يضع وسما على هذه التسجيلة!

MARC

LEADER 00000nam a2200000 4500
005 20260610112038.0
020 |a 9781775740131  |c TZS 10,000/= 
040 |a MCCL  |b eng.  |e AACR 2nd rev. ed. 
082 |a 658.4012 RAO 
100 |a Rao, V. 
245 |a Strategic business management  |c /V S P Rao 
260 |a Durban:  |b Excel Learning Pty. Ltd,  |c c2011 
300 |a ix,349p. :  |b ill. ;  |c 24cm. 
546 |a eng. 
650 |a Strategic management  
650 |a Strategy Control 
942 |c BK 
999 |c 12751  |d 12751